00701cam a22002532 4500001001100000005001700011008004100028020001700069040001500086100004100101245004800142250004000190260003800230300001800268650006400286650004800350700003100398852000300429852000300432852000300435852000300438852000300441852000300444000002141120151217154457.0120425s xx 000 0 eng d a1847037701 : aKABUcKABU1 aKerly, Duncan Mackenzie.@000018225410aKerly's law of trade marks and trade names. a15th ed. /bJames Mellor... [et al] aLondon :bThomson Reuters,c2011. axcvi, 1454 p. 0aTrademarksxLaw and legislationzGreat Britain.@0000182255 0aMarks of originzGreat Britain.@00001822561 aMellor, James.@00001822571 1 1 1 1 1